Man and land in South Asia / (Record no. 23098)
[ view plain ]
| 000 -LEADER | |
|---|---|
| fixed length control field | 00899cam a2200277 a 4500 |
| 001 - CONTROL NUMBER | |
| control field | 23098 |
| 003 - CONTROL NUMBER IDENTIFIER | |
| rucl marc code | BD-RjUL |
| 005 - DATE AND TIME OF LATEST TRANSACTION | |
| control field | 20211209000906.0 |
| 008 - FIXED-LENGTH DATA ELEMENTS--GENERAL INFORMATION | |
| fixed length control field | 140310s1982 ii abf b 001 0 eng |
| 035 ## - SYSTEM CONTROL NUMBER | |
| System control number | (BD-RjUL)23163 |
| System control number | 310766 |
| 040 ## - CATALOGING SOURCE | |
| Original cataloging agency | LC |
| Language of cataloging | eng |
| Transcribing agency | LC |
| Modifying agency | NNCU:A |
| -- | BD-RjUL |
| 041 ## - LANGUAGE CODE | |
| Language code of text/sound track or separate title | eng |
| 082 00 - DEWEY DECIMAL CLASSIFICATION NUMBER | |
| Classification number | 915.4 |
| Edition number | 19 |
| Author mark and year | GEM |
| 100 1# - MAIN ENTRY--PERSONAL NAME | |
| Personal name | Geddes, Arthur, |
| Dates associated with a name | 1895- |
| 9 (RLIN) | 71233 |
| 245 10 - TITLE STATEMENT | |
| Title | Man and land in South Asia / |
| Statement of responsibility, etc. | by Arthur Geddes ; edited by A.T.A. Learmonth ... [et al.]. |
| 260 ## - PUBLICATION, DISTRIBUTION, ETC. (IMPRINT) | |
| Place of publication, distribution, etc. | New Delhi : |
| Name of publisher, distributor, etc. | Concept, |
| Date of publication, distribution, etc. | 1982. |
| 300 ## - PHYSICAL DESCRIPTION | |
| Pagination | xii, 217 p., [1] leaf of plates : |
| Illustrations | ill., maps ; |
| Size | 25 cm. |
| 504 ## - BIBLIOGRAPHY, ETC. NOTE | |
| Bibliography, etc | Includes Bibliography: p. 207-209 and index. |
| 650 #0 - SUBJECT ADDED ENTRY--TOPICAL TERM | |
| Topical term or geographic name as entry element | Physical geography |
| Geographic subdivision | India. |
| 9 (RLIN) | 71234 |
| 651 #0 - SUBJECT ADDED ENTRY--GEOGRAPHIC NAME | |
| Geographic name | India |
| General subdivision | Geography. |
| 9 (RLIN) | 68803 |
| 700 1# - ADDED ENTRY--PERSONAL NAME | |
| Personal name | Learmonth, A. T. A. |
| Fuller form of name | (Andrew Thomas Amos), |
| Dates associated with a name | 1916- |
| 942 ## - ADDED ENTRY ELEMENTS (KOHA) | |
| Source of classification or shelving scheme | Dewey Decimal Classification |
| Koha item type | Books |
| Lost status | Source of classification or shelving scheme | Damaged status | Not for loan | Collection code | Permanent Location | Current Location | Shelving location | Date acquired | Source of acquisition | Cost, normal purchase price | Total Checkouts | Full call number | Date last seen | Copy number | Koha item type |
|---|---|---|---|---|---|---|---|---|---|---|---|---|---|---|---|
| Dewey Decimal Classification | Non-fiction | Central Library, University of Rajshahi | Central Library, University of Rajshahi | 29/04/1989 | karim interprise dhaka | 100.00 | 915.4 GEM 1982 | 10/03/2014 | C-2 | Books | |||||
| Dewey Decimal Classification | Added to bundle | Non-fiction | Central Library, University of Rajshahi | Central Library, University of Rajshahi | Reading Room | 28/07/1986 | Karim international | 100.00 | 915.4 GEM 1982 | 18/03/2014 | C-1 | Books |